000 00494nam a2200181Ia 4500
005 20250508151740.0
008 008 250505s9999 xx 000 0 hin d
037 _aTextual
040 _aFEDL
_beng
_cFEDL
041 _ahin
_2eng
084 _a891.432, KHU
_qFEDL
100 _aKhurana Lakshmichandra
_9759883
245 0 _aPach akaki
260 _aDelhi, India
_bUttar Chand Kapur and Sons
300 _a136p.
942 _cTEXL
_h891.432, KHU
999 _c1331900
_d1331900